000 00329nab a22001097u 4500
008 130520b1982 xxu||||| |||| 00| 0 spa d
041 _aspa
100 1 _aAndrás, E.
_967234
245 0 0 _aSociedad e Iglesia en la Hungría de la posguerra
_cE. András
773 0 _tConcilium
_gV.2,1982,págs.19-27
_x0210-1041
_wRev134
942 _cAR
999 _c354840
_d354840